| 000 | 00535nam a2200193Ia 4500 | ||
|---|---|---|---|
| 005 | 20250317125912.0 | ||
| 008 | 008 250317s9999 xx 000 0 eng d | ||
| 020 | _a92-2-106640-1 | ||
| 037 | _aTextbook | ||
| 040 |
_aFMSL _beng _cFMSL |
||
| 041 |
_aeng _2eng |
||
| 084 |
_aX8(J).4 M8 _qFMSL |
||
| 100 | _aI .L .o. | ||
| 245 | 0 | _aLabour Inspection in Agriculture in south Asia. | |
| 260 |
_aBangkok _bBangkok, I L O _c1988 |
||
| 300 | _avi,262 | ||
| 942 |
_cTB _hX8(J).4 M8 |
||
| 999 |
_c1261443 _d1261443 |
||